City-state and world state in Greek and Roman political theory until Augustus /

Bibliographic Details
Main Author: Hammond, Mason, 1903-2002
Format: Book
Language:English
Published: Cambridge : Harvard University Press, 1951.
Subjects:

MARC

Tag First Indicator Second Indicator Subfields
LEADER 00000cam a2200000 a 4500
001 in00000038612
005 20151007081154.0
008 750818s1951 mau b 00110 engm
010 |a  51011285  
035 |a (OCoLC)01557266 
035 |9 AAF5973AM 
040 |c TOL  |d m.c.  |d TXA  |d UtOrBLW 
049 |a TXAM  |c 1 [194863], 2 [1501650] 
090 |a JC51  |b .H33 
100 1 |a Hammond, Mason,  |d 1903-2002. 
245 1 0 |a City-state and world state in Greek and Roman political theory until Augustus /  |c Mason Hammond. 
264 1 |a Cambridge :  |b Harvard University Press,  |c 1951. 
300 |a x, 217 pages ;  |c 22 cm. 
336 |a text  |b txt  |2 rdacontent 
337 |a unmediated  |b n  |2 rdamedia 
338 |a volume  |b nc  |2 rdacarrier 
500 |a Includes index. 
504 |a Bibliography: pages [205]-211. 
650 0 |a State, The. 
650 0 |a Political science  |x History. 
650 0 |a Internationalism. 
999 |a MARS 
999 f f |s 19d44c9d-0aee-3cad-83da-51ea3184f30c  |i 578cdbfc-4c8d-3b18-8ad3-4dbdfc3ca35b  |t 0 
952 f f |p ric  |a Texas A&M University  |b Rellis Campus  |c Joint Library Facility  |d Remote Storage  |t 0  |e JC51 .H33  |h Library of Congress classification  |i unmediated -- volume  |m A14806148942 
998 f f |a JC51 .H33  |t 0  |l Remote Storage